Margaretha von Minden - Grete Minde. Tangermünde als Frauenort in der Altmark / (Titelsatznr. 372147)
[ MARC ]
| 000 -Satzkennung | |
|---|---|
| Kontrollfeld mit fester Länge | 00699nam a2200181 4500 |
| 008 - Feld mit fester Länge zur physischen Beschreibung - Allgemeine Angaben | |
| Kontrollfeld mit fester Länge | 201207b ||||| |||| 00| 0 eng d |
| 040 ## - Katalogisierungsquelle | |
| Katalogisierungssprache | ger |
| Übertragungsstelle | DE-2950 |
| Beschreibungsfestlegungen | rda |
| Original-Katalogisierungsstelle | DE-2950 |
| 041 ## - Sprachcode | |
| Sprachcode des Textes/der Tonspur oder des separaten Titels | ger |
| 245 ## - Titel | |
| Haupttitel | Margaretha von Minden - Grete Minde. Tangermünde als Frauenort in der Altmark / |
| Verantwortlichkeitsangabe | Klaus-Peter Möller |
| 264 ## - Veröffentlichungsangabe, Vertriebsangabe, Herstellungsangabe | |
| Erscheinungs-, Vertriebs-, Herstellungsdatum | 2022 |
| 490 ## - Gesamttitelangabe | |
| Haupttitel der Reihe/Unterreihe | Die Mark Brandenburg |
| Zählung | Ausgabe 127/ Dezember 2022. Frauen in Brandenburg |
| 653 ## - Lokales Schlagwort | |
| Nicht-normierter Term | Minde, Margarete; 1590-1619 |
| 773 ## - Übergeordnete Einheit | |
| Ort, Verlag und Erscheinungsjahr | Berlin: Die Mark Brandenburg - Verlag für Regional- und Zeitgeschichte |
| Verknüpfungsangaben | (2022), Ausgabe 127. Dezember 2022, S. 10 - 13 |
| Titel | Die Mark Brandenburg |
| 942 ## - Zusätzliche Felder (Koha) | |
| Koha-Medientyp | Aufsätze |
| Ausgeschieden | Verloren | Beschädigt | Nicht entleihbar | Permanenter Standort | Aktueller Standort | Aufstellungsort | Eingabedatum | Anzahl Ausleihen | Signatur | Letzte Aktivität | Preis gültig von | Medientyp |
|---|---|---|---|---|---|---|---|---|---|---|---|---|
| Stadtarchiv Frankfurt (Oder) | Archivbibliothek | Stadtarchiv Frankfurt (Oder) | Archivbibliothek | Lesesaal | 19/01/2023 | BbI 102 | 19/01/2023 | 19/01/2023 | Aufsätze |